00378nam a2200133Ia 4500082001200000100001800012245003700030260004200067300002100109650003600130650003100166650003000197710001700227 aTM.0095 aMehra, Savita 0aSocial mobility in rural Haryana c1983bHaryana Agricultural University a257p. + C D - 40 aOCCUPATIONAL MOBILITY - HARYANA aHARYANA - RURAL CONDITIONS aSOCIAL MOBILITY - HARYANA aSharma, M.L.